000 01062cam a22002774a 4500
999 _c7131
_d7131
001 15042207
003 OSt
005 20210906094638.0
008 071012s2007 dcua b f000 0 eng
010 _a 2007473165
020 _a9780160722851
040 _aDLC
_cDDC
_dDLC
042 _apcc
050 0 0 _aR852
_b.S74 2007
082 0 0 _a001.42STE2007
100 1 _aSteneck, Nicholas H.
_q(Nicholas Hans),
_d1940-
_914685
245 1 0 _aORI introduction to the responsible conduct of research /
_cEdited by Steneck,Nicholas H. ; illustrations by David Zinn.
250 _aUpdated ed.
260 _a[Washington, D.C.] :
_bDept. of Health and Human Services, Office of the Secretary, Office of Public Health and Science, Office of Research Integrity,
_c[2007]
300 _axiii, 164 p. :
_bill. ;
_c23 cm.
504 _aIncludes; bibliographical references.
650 0 _aResearch methods
_92296
906 _a7
_bcbc
_corigcop
_d2
_encip
_f20
_gy-gencatlg
942 _2ddc
_cO_SHELF